La perversion de la cultura (Record no. 223)
[ view plain ]
| 000 -LEADER | |
|---|---|
| campo de control de longitud fija | 00354 a2200121 4500 |
| 082 ## - NÚMERO DE LA CLASIFICACIÓN DECIMAL DEWEY | |
| Número de clasificación | 864.972.84 |
| Número de ítem | H888p |
| 100 ## - ENTRADA PRINCIPAL--NOMBRE DE PERSONA | |
| Nombre de persona | Mixco Huezo, Miguel |
| 9 (RLIN) | 1033 |
| 245 ## - MENCIÓN DEL TÍTULO | |
| Título | La perversion de la cultura |
| 260 ## - PUBLICACIÓN, DISTRIBUCIÓN, ETC. | |
| Lugar de publicación, distribución, etc. | El Salvador |
| Nombre del editor, distribuidor, etc. | Editorial Arcoiris |
| Fecha de publicación, distribución, etc. | 1999 |
| 300 ## - DESCRIPCIÓN FÍSICA | |
| Extensión | 154 p |
| Otras características físicas | ill |
| Dimensiones | 21 cm |
| 650 ## - PUNTO DE ACCESO ADICIONAL DE MATERIA--TÉRMINO DE MATERIA | |
| Término de materia o nombre geográfico como elemento de entrada | literatura |
| Subdivisión general | ensayo |
| Subdivisión geográfica | El Salvador |
| 9 (RLIN) | 1034 |
| 700 ## - ENTRADA AGREGADA--NOMBRE PERSONAL | |
| Nombre de persona | Miguel Huezo Mixco |
| 9 (RLIN) | 1035 |
| Estatus retirado | Estado de pérdida | Fuente del sistema de clasificación o colocación | Estado de daño | No para préstamo | Biblioteca de origen | Biblioteca actual | Ubicación en estantería | Fecha de adquisición | Total de préstamos | Signatura topográfica completa | Código de barras | Visto por última vez | Precio de reemplazo | Tipo de ítem Koha |
|---|---|---|---|---|---|---|---|---|---|---|---|---|---|---|
| Clasificación Decimal Dewey | Biblioteca LadoV | Biblioteca LadoV | 13/06/2014 | 864.972.84 H888p | 000258 | 13/06/2014 | 13/06/2014 | Material 01 |
